000
00223nam a2200097Ia 4500
008
240331s9999 xx 000 0 und d
082
_b
KAM
100
_a
Kamrava,M
245
0
_a
Cultural politics in the third world
942
_c
L
999
_c
2560
_d
2560